Local elections in Europe / Vicent Hoffmann-Marinot ... [et al.]
ISBN:
84-7794-287-0
Descripción Física:
149 p. : taules ; 23 cm
Colección:
Workshop Barcelona ; 5
Otros Autores:
Hoffmann-Martinot, Vicent
MARC
| LEADER | 00000nam a2200000Ia 4500 | ||
|---|---|---|---|
| 001 | 18780 | ||
| 008 | 160829s1994 xx 000 0 cat d | ||
| 020 | |a 84-7794-287-0 | ||
| 080 | |a M-5-394 | ||
| 245 | |a Local elections in Europe / Vicent Hoffmann-Marinot ... [et al.] | ||
| 260 | |a Barcelona : |b ICPS, Institut de Ciències Polítiques i Socials, |c 1994 | ||
| 300 | |a 149 p. : |b taules ; |c 23 cm | ||
| 490 | |a Workshop Barcelona ; 5 | ||
| 590 | |a Referències bibliogràfiques a cada capítol. | ||
| 590 | |a Text en anglès | ||
| 650 | |a Eleccions locals |x Europa |9 43255 | ||
| 650 | |a Eleccions locals |x Comunitat Econòmica Europea, Països de la |9 43256 | ||
| 700 | |a Hoffmann-Martinot, Vicent |9 43257 | ||
| 710 | 2 | |a Institut de Ciències Polítiques i Socials (Barcelona, Catalunya) |9 55871 | |
| 901 | |a Arxiu | ||
| 942 | |n 1 | ||
| 952 | |0 0 |1 0 |4 0 |6 M5394 |7 1 |9 51304 |a Arxiu |b Arxiu |d 2016-12-01 |l 0 |o M-5-394 |p 18780 |r 2016-12-01 00:00:00 |w 2016-12-01 |y ARXIU | ||
| 999 | |c 55148 |d 55148 | ||